01440nam a2200349Ia 450000500170000000800410001702000190005810000450007724501070012225000390022930000510026849000230031950500800034252100530042265000510047565000510052665000330057765000420061070000310065274000230068374000260070674000350073294200150076726400330078233600270081533700330084233800280087504000350090308400110093899900150094995201260096420220317001028.0160825s2009 ck a g 000 0 spa  a978958300370121 aCaballero Calderón, Eduardod1910-1993 aHistoria en cuentos, 1cEduardo Caballero Calderón ; ilustrado por Nora Estela Torres y Daniel Jaime a1a. edición b5a. reimpresión  a70 páginas bilustraciones en color c21 cm  aLiteratura juvenil aLos hijos del sol -- El pastor de puercos -- La traición de Francisquillo aRecomendado para niños de 8 años en adelante142LEMBaCuentos infantiles colombianosySiglo XX142LEMBaLiteratura infantil colombianaySiglo XX142LEMBaIncas en la literatura142LEMBaConquistadores en la literatura1 aTorres, Nora Estela91126642aLos hijos del sol 32aEl pastor de puercos 32aLa traición de Francisquillo 2loccBKINF aBogotábPanamericanac2009 atextobtxt2rdacontent asin mediaciónbn2rdamedia avolumenbnc2rdacarrier aCO-BoRNBPbspaerdacCO-BoRNBP aC CAB1 c5719d5719 00102ddc4070aMEPRICObMEPRICOcSInfd2023-07-06l0oC CAB1pPR000001349r2023-07-06 00:00:00tEj.1w2023-07-06yBKINF